Skład FC Barcelony vs Inter Mediolan w półfinale LM 2024/25 - Statystyki

Ogólne statystyki
  • Ten quiz został rozwiązany 315 razy
  • Średni wynik to 10 z 11
Statystyki odpowiedzi
Numer Pozycja Zawodnik % Poprawnych
25 Bramkarz Wojciech Szczęsny
100%
19 Prawy skrzydłowy Lamine Yamal
95%
8 Środkowy pomocnik Pedri
93%
7 Napastnik Ferran Torres
92%
2 Środkowy obrońca Pau Cubarsí
87%
21 Środkowy pomocnik Frenkie de Jong
84%
35 Lewy obrońca Gerard Martin
84%
11 Lewy skrzydłowy Raphinha
84%
20 Środkowy pomocnik Dani Olmo
80%
5 Środkowy obrońca Iñigo Martínez
80%
24 Prawy obrońca Eric García
72%
Nie znaleziono quizów pasujących do podanych kryteriów
Rozkład punktacji
Procent ludzi z każdym wynikiem
Percentyl według liczby udzielonych odpowiedzi
Twoja historia wyników
Nie rozwiązałeś tego quizu